=LDR 00000nam 2200000 4500 =001 INLIS000000000050314 =005 20170427014922 =035 ##$$a 0010-0417000129 =007 ta =008 170427###########################0###### =020 ##$$a 979 - 1709 - 16 - 5 =082 ##$$a 612.3 =084 ##$$a 612.3 AMB i =100 #$$a Ambarwati, Fitri Respati =245 1#$$a Ilmu Gizi dan Kesehatan Reproduksi /$c Fitri Respati Ambarwati =250 ##$$a Cet.1 =260 ##$$a Yogyakarta :$b Cakrawala Ilmu,$c 2015 =300 ##$$a x, 138 hlm. : $b Ilus ; $c 20,5 cm. =650 ##$$a Kesehatan, Ilmu Gizi =990 ##$$a 75147514 =990 ##$$a 75147514 =990 ##$$a 31700013 =990 ##$$a 02201707514 =990 ##$$a 31700014 =990 ##$$a 31700013